| 000 | 00718nam a2200193 i 4500 | ||
|---|---|---|---|
| 001 | 163423 | ||
| 003 | ES-MaACL | ||
| 005 | 20251015063143.0 | ||
| 008 | 980701s1864 fr |||| | fre d | ||
| 040 |
_aEXT _bspa _cEXT |
||
| 100 | 1 |
_aReynaud, Jean, _d1806-1863 _9131759 |
|
| 245 | 1 | 0 |
_aTerre et ciel / _cpar Jean Reynaud. |
| 250 | _a4ème éd. | ||
| 260 |
_aParis : _bFurne et Cie, _c1864. |
||
| 300 |
_a505, 21, 31 p. ; _c18 cm. |
||
| 505 | 8 | _aContiene: De la mémoire dans l'immortalité -- Réponse au Concile de Périgueux | |
| 852 |
_aES-MaACL _jG-8800 _z-- Enc. hol. _x-- Completar T260: (Typographie de Renod et Maulde) -- T500:Precede al tit.: Philosophie religieuse |
||
| 999 |
_c163423 _d163423 |
||